| 000 | 01710nam a2200397 i 4500 | ||
|---|---|---|---|
| 001 | 193469 | ||
| 003 | SpMaBN | ||
| 005 | 20240908063115.0 | ||
| 007 | ta | ||
| 008 | 240102s2013 sp | ||| ||spa | ||
| 016 | 7 |
_abimoBNE20060981738 _2SpMaBN |
|
| 017 |
_aM 42116-2010 _bOficina Depósito Legal Madrid |
||
| 020 | _a9788467508864 | ||
| 035 | _a(OCoLC)434029280 | ||
| 035 | _aMimo0002195457 | ||
| 040 |
_aSpMaBN _bspa _cSpMaBN _erdc _dES-MaACL |
||
| 080 | _a087.5:82 | ||
| 100 | 1 |
_aMenéndez-Ponte, María _0XX1188996 _9234758 |
|
| 245 | 1 | 3 |
_aEl poso amargo del café / _cMaría Menéndez-Ponte |
| 250 | _aOctava edición | ||
| 260 |
_aBoadilla del Monte (Madrid) : _bSM, _c2013 |
||
| 300 |
_a207, 28 p. ; _c21 cm |
||
| 336 |
_2rdacontent _aTexto |
||
| 337 |
_2rdamedia _asin mediación |
||
| 338 |
_2rdacarrier _avolumen |
||
| 490 | 1 |
_aLos libros de María ; _v1 |
|
| 520 | _aBruslí es un joven con una historia familiar terrible, problemas con las drogas, la policía... aparentemente su destino ya está escrito. ¿Aún hay oportunidad para cambiar de vida? Estremecedora historia que muestra la importancia de la amistad en la superación de las dificultades. | ||
| 830 | 4 |
_aLos libros de María ; _v1 _9234759 |
|
| 852 |
_aEs-MaACL _bR.154816 _cDEPOJ _hDonación: José Lázaro García _jN-9717 _9200947 _xEncuadernación rústica con solapas |
||
| 903 |
_9234219 _aLázaro García, José _ednr |
||
| 942 |
_n0 _cMONOGRAFIA |
||
| 999 |
_c193469 _d193469 |
||